000 00479nam a2200193 a 4500
001 1763961452604
003 YourLibrary
005 20251124104853.0
008 251124s2009##################000#0#eng##
020 _a9788184894240
082 0 4 _a616.0277
_bSHI
100 1 _aShi,
_eauthor.
245 1 0 _aStem Cell Research And Therapeutics :
260 _c2009.
300 _a344 pages
650 0 _aStem cells.
942 _cENGLISH
040 _aYourLibrary
_beng
_cYourLibrary
999 _c598546
_d598546